|
|
|
|
| LEADER |
03196nam a22005655i 4500 |
| 001 |
978-3-540-37542-5 |
| 003 |
DE-He213 |
| 005 |
20151204160832.0 |
| 007 |
cr nn 008mamaa |
| 008 |
100301s2007 gw | s |||| 0|eng d |
| 020 |
|
|
|a 9783540375425
|9 978-3-540-37542-5
|
| 024 |
7 |
|
|a 10.1007/978-3-540-37542-5
|2 doi
|
| 040 |
|
|
|d GrThAP
|
| 050 |
|
4 |
|a QD96.M3
|
| 072 |
|
7 |
|a PNFS
|2 bicssc
|
| 072 |
|
7 |
|a SCI078000
|2 bisacsh
|
| 082 |
0 |
4 |
|a 543.65
|2 23
|
| 100 |
1 |
|
|a Parson, William W.
|e author.
|
| 245 |
1 |
0 |
|a Modern Optical Spectroscopy
|h [electronic resource] :
|b With Exercises and Examples from Biophysics and Biochemistry /
|c by William W. Parson.
|
| 264 |
|
1 |
|a Berlin, Heidelberg :
|b Springer Berlin Heidelberg,
|c 2007.
|
| 300 |
|
|
|a X, 512 p.
|b online resource.
|
| 336 |
|
|
|a text
|b txt
|2 rdacontent
|
| 337 |
|
|
|a computer
|b c
|2 rdamedia
|
| 338 |
|
|
|a online resource
|b cr
|2 rdacarrier
|
| 347 |
|
|
|a text file
|b PDF
|2 rda
|
| 505 |
0 |
|
|a Basic Concepts of Quantum Mechanics -- Light -- Electronic Absorption -- Fluorescence -- Vibrational Absorption -- Resonance Energy Transfer -- Exciton Interactions -- Circular Dichroism -- Coherence and Dephasing -- Pump–Probe Spectroscopy, Photon Echoes, and Vibrational Wavepackets -- Raman Scattering and Other Multiphoton Processes.
|
| 520 |
|
|
|a This textbook offers clear explanations of the theory of optical spectroscopic phenomena and shows how these ideas are used in modern molecular and cellular biophysics and biochemistry. The topics covered include electronic and vibrational absorption, fluorescence, resonance energy transfer, exciton interactions, circular dichroism, coherence and dephasing, ultrafast pump-probe and photon-echo spectroscopy, single-molecule and fluorescence-correlation spectroscopy, Raman scattering, and multiphoton absorption. The explanations are based on time-dependent quantum mechanics and are sufficiently thorough and detailed to be useful for both students and researchers. With the clear, thoroughly illustrated explanations that begin from first principles, the text will also be accessible to readers with little prior training in quantum mechanics. Extra details and highlights are featured in special boxes throughout the text. A helpful exercises section has been included to this new student edition.
|
| 650 |
|
0 |
|a Chemistry.
|
| 650 |
|
0 |
|a Mass spectrometry.
|
| 650 |
|
0 |
|a Physical chemistry.
|
| 650 |
|
0 |
|a Biochemistry.
|
| 650 |
|
0 |
|a Biology
|x Technique.
|
| 650 |
|
0 |
|a Biophysics.
|
| 650 |
|
0 |
|a Biological physics.
|
| 650 |
|
0 |
|a Optics.
|
| 650 |
|
0 |
|a Optoelectronics.
|
| 650 |
|
0 |
|a Plasmons (Physics).
|
| 650 |
1 |
4 |
|a Chemistry.
|
| 650 |
2 |
4 |
|a Mass Spectrometry.
|
| 650 |
2 |
4 |
|a Biochemistry, general.
|
| 650 |
2 |
4 |
|a Physical Chemistry.
|
| 650 |
2 |
4 |
|a Optics, Optoelectronics, Plasmonics and Optical Devices.
|
| 650 |
2 |
4 |
|a Biological Techniques.
|
| 650 |
2 |
4 |
|a Biophysics and Biological Physics.
|
| 710 |
2 |
|
|a SpringerLink (Online service)
|
| 773 |
0 |
|
|t Springer eBooks
|
| 776 |
0 |
8 |
|i Printed edition:
|z 9783540958956
|
| 856 |
4 |
0 |
|u http://dx.doi.org/10.1007/978-3-540-37542-5
|z Full Text via HEAL-Link
|
| 912 |
|
|
|a ZDB-2-CMS
|
| 950 |
|
|
|a Chemistry and Materials Science (Springer-11644)
|